000
00342nam a2200145Ia 4500
003
OSt
005
20240213111025.0
008
170524s9999 xx 000 0 und d
020
_a
9383137940
040
_c
IIMT UNIVERSITY
100
_a
DARDE
245
0
_a
HYDRAULICS FLUID MECHANICS
260
_b
NEW DELHI: VAYU EDUCATION
942
_2
ddc
_c
02
999
_c
7578
_d
7578